Quizzes
Events
Quiz Creation
Community
Videos
Private Events
Remove Ads
Sign In
Join for FREE
Feedback
Dark Mode
Quiz Categories
Sports
Geography
Music
Movies
Television
Just For Fun
Miscellaneous
History
Literature
Language
Science
Gaming
Entertainment
Religion
Holiday
For Kids
Quiz Lab
Recent
Popular Today
Quiz Kudos Today
Editor Picks
Curator Picks
Quizzes by...
Day
Popularity
Type
Ratings
Length
Year
Community
Subscriptions
Recent Discussions
Orange Saloon
Badges
Playlists
Quests
Create
Leaderboards
Showdown
Live 5
Trivia Bingo
Activity
Puzzle Library
Sporcle Events
Private Events
Virtual Trivia
Globe League
Become a Host
Pub Owners
SporcleCon
Opinionation
Our Games
Videos
Blog
Mobile Apps
Partnerships
Remove Ads and Go Orange
Feedback
Sports
Athletes
MLB
NBA
NHL
NFL
Soccer
Sports Teams
WWE
NCAA
Football
Premier League
Basketball
Baseball
Hockey
Golf
Tennis
Cricket
Rugby
Auto Racing
Olympics
World Cup
Sports
Athletes
MLB
NBA
NHL
NFL
Soccer
Sports Teams
WWE
NCAA
Football
Premier League
Basketball
Baseball
Hockey
Golf
Tennis
Cricket
Rugby
Auto Racing
Olympics
World Cup
Random Quiz
Search Sporcle
×
Quiz Lab
Quiz Lab
Sports
Type in answers that appear in a list
Type in answers that appear in a list
Classic
Best Score? Go Orange.
Boston Red Sox 2010 Players Stats
Can you name the Boston Red Sox 2010 Players?
By
KennyKlynes
9m
52 Questions
122 Plays
122 Plays
122 Plays
Comments
Comments
Give Quiz Kudos
Give Quiz Kudos
-
- Ratings
hide this ad
More Info
Replay
Link that replays current quiz
Next Quiz
Link to next quiz in quiz playlist
You Got
0%
They Got
Avg Score
52%
Avg Friend Score
Upgrade to see
Score Distribution
Jump to the score distribution portion of the page
Score
0/52
Timer
09:00
0
Plays Today
Position
Player
% Correct
LF/
CF
Jacoby Ellsbury
95.1%
1B
Kevin Youkilis
93.4%
C/
1B
Victor Martinez
92.6%
C
Jason Varitek
92.6%
DH
David Ortiz
91.8%
2B
Dustin Pedroia
91%
RF
J.D. Drew
89.3%
CP
Jonathan Papelbon
89.3%
3B
Adrian Beltre
88.5%
SP
Josh Beckett
88.5%
SP
Jon Lester
86.1%
1B/
3B/
DH
Mike Lowell
83.6%
SP/
RP
Tim Wakefield
83.6%
SP
Daisuke Matsuzaka
79.5%
CF
Mike Cameron
78.7%
RP/
CP
Daniel Bard
77.9%
SS
Marco Scutaro
77%
SP
John Lackey
76.2%
SP
Clay Buchholz
71.3%
RP
Hideki Okajima
71.3%
2B/
SS
Jed Lowrie
69.7%
LF/
CF
Darnell McDonald
68.9%
LF
Daniel Nava
67.2%
UTL
Bill Hall
66.4%
OF
Ryan Kalish
58.2%
RP
Manny Delcarmen
58.2%
Position
Player
% Correct
C
Kevin Cash
57.4%
RP
Ramon Ramirez
54.1%
RP
Scott Atchison
43.4%
C
Dusty Brown
40.2%
OF
Jeremy Hermida
39.3%
C
Jarrod Saltalamacchia
38.5%
SP/
RP
Felix Doubront
35.2%
RP
Michael Bowden
33.6%
INF
Yamaico Navarro
32.8%
OF
Josh Reddick
31.1%
UTL
Eric Patterson
27.9%
OF
Jonathan Van Every
20.5%
C
Gustavo Molina
19.7%
RP
Dustin Richardson
19.7%
RP
Boof Bonser
15.6%
RP
Scott Schoeneweis
15.6%
RP
Fernando Cabrera
14.8%
1B
Lars Anderson
13.9%
INF
Niuman Romero
12.3%
RP
Joe Nelson
12.3%
SS
Angel Sanchez
11.5%
1B
Ryan Shealy
11.5%
RP
Robert Manuel
11.5%
RP
Fabio Castro
5.7%
RP
Robert Coello
5.7%
RP
Alan Embree
3.3%
Quiz Playlist
Details
Report
Send in Message
Add To Playlist
More Info:
Over 40 players have worn a Red Sox uniform due to injury and occasional suckiness. Please report any number/spelling errors in the comments
Classic:
Type in answers that appear in a list
Quiz Source
Last Updated: Feb 16, 2017
Quiz Scoreboard
CHALLENGE
Sign Up to Join the Scoreboard
Show All
Scores
Hide
Comments
May contain spoilers
Recently Published
One Thing in Common: World Cities II
by knightlancer
Geography
7m
Popular People in 1961
by mucciniale
History
6m
1-10 Letter E Words III
by El_Dandy
Language
2m
More to Explore
Quiz From the Vault
Featured Blog Post
Where Did the Easter Bunny Come From?
hide this ad
You Might Also Like...
Tags
This quiz does not have any tags.
Today's Top Quizzes in Sports
Browse Sports
hide this ad
Top Contributed Quizzes in Sports
1
Les meilleurs buteurs des matchs entre le PSG et l’OM
2
Les entraîneurs de l'OM et du PSG au 21e siècle
3
2022 World Cup Stars
4
FIFA Club World Cup Champions
5
Name the Premier League winners with different clubs
6
La finale Lions - Afrique du Sud 2021
7
Criteria MLB: Left Handed Sluggers
8
Players with Multiple 50 Home Run Seasons
9
MLB Players with Two .350 Batting Average Seasons
10
MLB Hall of Famer by Rings
Explore More
Trending Topics
Harry Potter
NBA
Kpop
Crossword
Disney
Anime
Marvel
Country
WWE
The Office
NFL
Pokémon
Song
Soccer
Puzzle
hide this ad
More By:
KennyKlynes
Quiz
Plays
Rating
Category
Featured
Created
WWF/E Grand Slam Champions
1,057
3.25
Sports
Jan 19, 2010
Wrestling Stars by Nicknames
1,042
3.29
Sports
Jan 18, 2010
WCW World Champions
495
4.00
Sports
Dec 15, 2009
Carolina Panthers Draft Picks 1995-2010
442
4.60
Sports
Dec 15, 2009
Wrestling Stars by Nicknames 2
165
4.50
Sports
May 19, 2010
Go to Creator's Profile
Score Distribution
Quiz Creator Spotlight
KennyKlynes
Follow
Send a Message
Quizzes Created
-
Created Quiz Play Count
-
More By This Creator
Popular Quizzes Today
1
Find the US States - No Outlines Minefield
2
The Countries of the World
3
Popular People in 1961
4
Find the Countries of Europe - No Outlines Minefield
5
1-10 Letter E Words III
6
Find the US States
7
One Thing in Common: World Cities II
8
US States
More Sports Quizzes
Top 100 NBA Players in the 2021-2022 Season
Quiz Lab
Trending Quizzes
1-10 Letter F Words
1-10 Letter G Words
Risky Map Clicking: Next State Alphabetically
1-10 Letter F Words II
Risky Map Clicking: States by Unique Starting Letters
Recently Updated
Leaping Animals
pecheneg
Reality TV Shows (A-Z)
bhenderson79
Rickey Henderson's Hall of Fame Teammates
pecheneg
Champions League XIs: Arsenal
pecheneg
Quick Pick: Celebrities in WWE's Hall of Fame
aduchscher
A-Z Keypad Blitz II
pecheneg
Multiple Oscar Actors
pecheneg
Mystery Phrase Blitz: Oscar 'Best Actors'
pecheneg
F. Scott Fitzgerald Novels
LTH
Pick 3 Villains
ddd62291
Trending Topics
Anime
Crossword
Disney
NBA
Harry Potter
Kpop
Marvel
NFL
Puzzle
WWE
Soccer
Pokémon
Country
The Office
Song
Your Account Isn't Verified!
In order to create a playlist on Sporcle, you need to verify the email address you used during registration. Go to your
Sporcle Settings
to finish the process.
Report this User
Report this user for behavior that violates our
Community Guidelines
.
Details:
Send Report
Go to the Sporcle.com Mobile Site →
Comments